000 00917nas a2200301 4500
001 BR2010003985
003 BR-BrBNA
005 20231205114644.0
007 ta
008 230509b bl.|||p| |||| 00| 00por d
040 _aBR-BrBNA
_bpor
_cBiblioteca Nacional de Agricultura
041 _a(Pt)
072 _aF30
100 1 _aMelo, L.J.O.T.
100 1 _aOliveira, F.J. de
100 1 _aBastos, G.Q.
100 1 _aAnunciação FIlho, C.J. da
100 1 _aReis, O.D.V. dos
245 1 _aInteração genótipo x ciclos de colheita de cana-de-açúcar da zona da Mata Norte de Pernambuco
650 _aCANA DE AÇÚCAR
650 _aPARÂMETRO GENÉTICO
650 _aGENÓTIPO
650 _aCLONE
650 _aPRODUTIVIDADE
773 0 _tBragantia (Brazil)
_xISSN 0006-8705
_g(Apr-Jun 2006), v. 65(2) p. 197-205
_wBR2010003985
909 _a202311
_bLúcia
_c55
_dLúcia Elande
942 _2AGRIS
_n0
_cANA
999 _c209789
_d209789